| 000 | 00357nam a2200133Ia 4500 | ||
|---|---|---|---|
| 008 | 150202s9999 xx 000 0 und d | ||
| 020 | _a373191901 | ||
| 050 |
_aFIC _bFIC |
||
| 100 | _aMontana, Pat. | ||
| 245 |
_aStorybook bride / _cPat Montana. |
||
| 260 |
_aAustralia : _bSilhouette Books, _c1996. |
||
| 300 |
_a185 pages : _c18 cm. |
||
| 650 | _aFiction. | ||
| 999 |
_c282270 _d282270 |
||